Industrial crops in Asia (Record no. 61158)

MARC details
000 -LEADER
fixed length control field 00339nam a2200121Ia 4500
245 #0 - TITLE STATEMENT
Title Industrial crops in Asia
260 ## - PUBLICATION, DISTRIBUTION, ETC. (IMPRINT)
Name of publisher Agriculture Department Staff Paper - Asian Development Bank (Philippines)
Year of publication 1993
300 ## - PHYSICAL DESCRIPTION
Number of Pages 312p
500 ## - GENERAL NOTE
General note Source Year: 1995
856 ## - ELECTRONIC LOCATION AND ACCESS
Uniform Resource Identifier ATA
942 ## - ADDED ENTRY ELEMENTS (KOHA)
Koha item type Journals
Holdings
Withdrawn status Lost status Damaged status Not for loan Home library Current library Shelving location Date acquired Serial Enumeration / chronology Koha item type
      Journals RRII Library RRII Library Agricultural economics 17/10/1995 Volume No, Issue 7 Journals